01624nam a2200253Ia 450000500170000000800410001702000150005804100080007310000460008124500920012725000220021930000250024149000250026652008070029165000350109865000390113370000410117226400230121333600270123633700330126333800280129604000350132408400110135920220316235555.0121119s2001 sp gr 000 f spa  a84414094711 aspa1 aGógol, Nikolái Vasilievichd1809-185210aAlmas muertas cNicolái Vasilevich Gógol ; traducción de Rodolfo Arévalo Mackry aPrimera edición a450 páginasc18 cm0 aBiblioteca Edafv2623 aEl aventurero Chichikov, ávido por aumentar su riqueza, recorre varias regiones de Rusia para adquirir ilegalmente un elevado número de almas muertas, es decir, para hacer pasar a su lista de propiedades nombres de siervos muertos, cuya defunción no ha sido constatada todavía por las autoridades oficiales. La novela se nos ofrece como un profundo estudio psicológico de caracteres rusos, de todas las clases sociales, desde el más humilde siervo al más influyente funcionario. Narrador extraordinario y de una fluidez humorística cautivante, Gógol nos persuade de que para toda persona hay fijado un destino insospechado y que, hasta en la vulgaridad, pueden hallarse valores que, a manera de principios, deben convertirse en posibilidades, si no evidentes, indiscutibles a la larga14aClases socialesvNovela 2LEMB14aLiteratura rusa ySiglo XIX 2LEMB1 aArévalo Mackry, Rodolfoetraductor aMadridbEdafc2001 atextobtxt2rdacontent asin mediaciónbn2rdamedia avolumenbnc2rdacarrier aCO-BoRNBPbspaerdacCO-BoRNBP aN GOG1